000 00847nam a2200229Ii 4500
003 JO-AjNU
008 230605s9999||||xx |||||||||||||| ||und||
017 _a2005/4/733
020 _a9957-24-222-9
040 _aJO-AjNU
_bara
_erda
_cJO-AjNU
041 _aara
050 1 4 _aN7433.95.A65.J62 2005
100 3 _aجودي، محمد حسين تأليف ,
_eauthor
_922048
245 0 0 _aنحو استراتيجية عربية جديدة في الفن والنقد التشكيلي والتربية الفنية
250 _aط1
264 3 1 _aعمان: دار الصفاء للنشر والتوزيع , 2005
300 _a119ص
336 _atext
_btxt
_2rdacontent
337 _aunmediated
_bn
_2rdamedia
338 _avolume
_bnc
_2rdacarrier
650 4 _aالفنون التشكيلية -الفنون- الثقافات الفنية
_922049
999 _aA7761
_c11329
_d11329